000 00453nmm a2200169Ia 4500
008 251105s9999||||xx |||||||||||||||||und||
020 _a9788496049789
041 _aspa
100 _aHidalgo Bayal, Gonzalo
245 0 _aEl cerco oblicuo
264 _a[Madrid, España] :
_bCalambur,
_c2005
300 _a288 páginas
490 _aNarrativa
650 _aSpanish narrative
856 _uhttps://public.digitaliapublishing.com/a/879
942 _cCF
999 _c89697
_d89697